[Event "Lugano New op 8th"]
[Site "Lugano"]
[Date "2014.04.20"]
[Round "5"]
[White "Regez, Markus"]
[Black "Jakob, Marcel"]
[Result "1-0"]
[WhiteElo "2221"]
[BlackElo "1984"]
[PlyCount "61"]
[EventDate "2014.04.18"]
[EventType "swiss"]
[EventRounds "6"]
[EventCountry "SUI"]
[SourceTitle "CBM 159 Extra"]
[Source "ChessBase"]
[SourceDate "2014.04.24"]
[SourceVersion "1"]
[SourceVersionDate "2014.04.24"]
[SourceQuality "1"]

1. d4 d5 2. c4 e6 3. Nf3 Nf6 4. g3 Bb4+ 5. Bd2 Be7 6. Bg2 0-0 7. 0-0 dxc4 8. Na3 Bd7 9. Nxc4 Bc6 10. Nce5 Bxf3 11. Nxf3 Nbd7 12. b4 Nb6 13. a4 Ne4 14. Be1 Bf6 15. e3 Qe7 16. Qd3 Ng5 17. Nxg5 Bxg5 18. Bxb7 Rab8 19. Bg2 Rfd8 20. f4 Bf6 21. Kh1 Nd5 22. b5 Nxe3 23. Qxe3 Bxd4 24. Qa3 Bc5 25. Qf3 Rd4 26. Bc3 Rd7 27. f5 Rbd8 28. f6 Qd6 29. fxg7 Qd3 30. Bf6 Qxf3 31. Bxf3 1-0

[Event "Lugano New op 7th"]
[Site "Lugano"]
[Date "2013.03.31"]
[Round "4"]
[White "Jakob, Marcel"]
[Black "Ovsepyan, Arshak"]
[Result "0-1"]
[WhiteElo "2021"]
[BlackElo "1988"]
[PlyCount "98"]
[EventDate "2013.03.29"]
[EventType "swiss"]
[EventRounds "6"]
[EventCountry "SUI"]
[SourceTitle "CBM 153 Extra"]
[Source "ChessBase"]
[SourceDate "2013.04.22"]
[SourceVersion "1"]
[SourceVersionDate "2013.04.22"]
[SourceQuality "1"]

1. d4 d5 2. c4 e6 3. Nc3 Nf6 4. cxd5 exd5 5. Bg5 c6 6. Qc2 Be7 7. e3 Be6 8. Bd3 h6 9. Bh4 Nbd7 10. Nge2 Bd6 11. Bg3 Qe7 12. 0-0 0-0 13. Rab1 a6 14. Bxd6 Qxd6 15. h3 c5 16. dxc5 Nxc5 17. Rfd1 Rac8 18. Qd2 Qd7 19. Rbc1 Rfd8 20. Bb1 Bf5 21. Bxf5 Qxf5 22. Nd4 Qd7 23. Qe2 b5 24. a3 Nfe4 25. Rc2 Rc7 26. Rdc1 Rdc8 27. Nxe4 dxe4 28. b4 Nd3 29. Rxc7 Rxc7 30. Rxc7 Qxc7 31. Qc2 Qxc2 32. Nxc2 Ne5 33. Kf1 Nc4 34. Ke2 Kf8 35. Ke1 Ke7 36. Ke2 Kd6 37. Ke1 Kd5 38. Ke2 g6 39. Ke1 f5 40. Ke2 Nb2 41. Nd4 Kc4 42. Kd2 Nd3 43. f3 exf3 44. gxf3 f4 45. Nc2 Nf2 46. e4 Nxh3 47. Ne1 Ng1 48. Kd1 h5 49. Ng2 g5 0-1

[Event "Lugano New op 7th"]
[Site "Lugano"]
[Date "2013.03.30"]
[Round "2"]
[White "Regez, Markus"]
[Black "Jakob, Marcel"]
[Result "1-0"]
[WhiteElo "2183"]
[BlackElo "2021"]
[PlyCount "39"]
[EventDate "2013.03.29"]
[EventType "swiss"]
[EventRounds "6"]
[EventCountry "SUI"]
[SourceTitle "CBM 153 Extra"]
[Source "ChessBase"]
[SourceDate "2013.04.22"]
[SourceVersion "1"]
[SourceVersionDate "2013.04.22"]
[SourceQuality "1"]

1. d4 d5 2. c4 e6 3. Nf3 Nf6 4. g3 Bb4+ 5. Bd2 Be7 6. Bg2 0-0 7. 0-0 Nc6 8. c5 e5 9. dxe5 Ng4 10. Bf4 g5 11. Bc1 Ngxe5 12. Nxe5 Nxe5 13. Bxd5 Bxc5 14. Nc3 c6 15. Bg2 h6 16. Qc2 Bb6 17. b3 Qe7 18. a4 Bg4 19. Ba3 Bc5 20. Nd5 1-0